000 00935nam a22002417a 4500
999 _c21615
_d21615
003 AR-CdUCM
008 201016b ||||| |||| 00| 0 eng d
020 _a9788430618422
040 _aMUNICIPALIDAD PROVINCIAL DEL CUSCO
_cBIBLIOTECA MUNICIPAL DEL CUSCO
082 _a323.04/V25
_bV25
100 _aVan Reybrouck, David
_945539
245 _aContra las elecciones /
_cDavid Van Reybrouck
260 _aBarcelona ;
_bTaurus,
_c2017.
300 _a236 páginas. :
_c21 cm.
505 _aContenido: Entusiasmo y desconfianza la paradoja de la democracia -- crisis de la legitimidad el desmoronamiento de la aceptación pública -- la culpa es de los políticos el diagnóstico del populismo ...
650 _aElecciones
_91677
650 _aDemocracia
_945540
650 _aPopulismo
_944975
650 _aDemocracia deliberativa
_945541
650 _aDemocratización electoral
_945542
942 _2ddc
_cLIBROS
945 _aVarinia